Statistics for Rock Band Vocabulary

Click here to take the quiz!

General Stats

  • This quiz has been taken 41,507 times
    (15,156 since last reset)
  • The average score is 11 of 21

Answer Stats

DefinitionBand% Correct
Female monarchQueen
98%
The primary organ of the circulatory systemHeart
82%
Island of fertility in a desertOasis
82%
State of enlightenmentNirvana
76%
VoyageJourney
71%
RubbishGarbage
66%
Judge's authorization for a search or arrestWarrant
65%
Person who is not in their home countryForeigner
58%
Source of artistic inspirationMuse
54%
Fatty part of milkCream
53%
Infection caused by the bacteria
Bacillus anthracis
Anthrax
51%
British term for sidewalkPavement
47%
Vehicle capable of interstellar transitStarship
44%
FairiesPixies
43%
Light-colored brownieBlondie
38%
Fraternity recruitment periodRush
33%
The point of creationGenesis
32%
Evil spirit who tries to impregnate
sleeping women
Incubus
27%
Extinct relative of the elephantMastodon
24%
Book or magazine with lurid subject matter,
printed on cheap paper
Pulp
22%
To change from a solid to a gas without
passing through a liquid state
Sublime
18%

Score Distribution

Percentile by Number Answered

Percent of People with Each Score

Your Score History

You have not taken this quiz since the last reset